| 000 | 007270000a22002290004500 | ||
|---|---|---|---|
| 001 | 30108 | ||
| 010 | _a989-957-650-6 | ||
| 100 | _a20090428d2008 m y0pory5003 ba | ||
| 101 | 0 | _apor | |
| 102 | _aPT | ||
| 200 | 1 |
_aEducação arte e cidadania _fÁlvaro Laborinho Lúcio |
|
| 210 |
_a[Lisboa] _cTemas & Lemas _d[2008] |
||
| 215 | _a76, [3] p | ||
| 300 | _aA página de rosto foi retirada pelo próprio autor | ||
| 327 | 0 | _aContém nota biográfica p. 76-77. | |
| 675 |
_a37.017(042) _vBN _zpor |
||
| 675 |
_a37.03(042) _vBN _zpor |
||
| 675 |
_a342.7(042) _vBN _zpor |
||
| 700 | 1 |
_928730 _aLúcio _bLaborinho _f1941-2025 |
|
| 090 | _a30108 | ||
| 942 |
_cMON _n0 |
||
| 999 | _a30108 | ||